[Event "LNA Copa Puma"]
[Site "Argentina ARG"]
[Date "2007.09.09"]
[Round "5"]
[White "Hase,J"]
[Black "Rissotti,L"]
[Result "1-0"]
[WhiteElo "2292"]
[BlackElo "2300"]

1.e4 c5 2.Nf3 d6 3.d4 cxd4 4.Nxd4 Nf6 5.Nc3 Nc6 6.Bg5 e6 7.Qd2 a6 8.O-O-O Bd7
9.f4 h6 10.Bh4 g5 11.fxg5 Ng4 12.Nf3 hxg5 13.Bg3 Be7 14.Be2 Nge5 15.Kb1 Nxf3
16.Bxf3 Ne5 17.Qd4 Qc7 18.Na4 Bxa4 19.Qxa4+ b5 20.Qd4 Rc8 21.c3 O-O 22.h4 g4
23.Be2 f5 24.exf5 exf5 25.Rhf1 Kh7 26.Bd3 Nxd3 27.Qxd3 Qc4 28.Qxc4 Rxc4 29.Bxd6 Bxd6
30.Rxd6 f4 31.Rd5 Kh6 32.Kc2 Re4 33.Kd3 Re3+ 34.Kd2 Rg3 35.Rf2 f3 36.gxf3 Rgxf3
37.Rxf3 gxf3 38.Ke1 Re8+ 39.Kf2 Re2+ 40.Kxf3 Rxb2 41.Rd6+ Kh5 42.Rxa6 Kxh4
43.Ke4 b4 44.c4 Kg4 45.c5 b3 46.axb3 Rxb3 47.c6  1-0

[Event "3rd Geller mem Open A"]
[Site "Odessa UKR"]
[Date "2007.09.11"]
[Round "4"]
[White "Zubov,A UKR"]
[Black "Murariu,A"]
[Result "1-0"]
[WhiteElo "2552"]
[BlackElo "2511"]

1.e4 c5 2.Nf3 Nc6 3.d4 cxd4 4.Nxd4 Nf6 5.Nc3 d6 6.Bg5 e6 7.Qd2 a6 8.O-O-O Bd7
9.f3 Be7 10.h4 h6 11.Be3 h5 12.Nxc6 Bxc6 13.Bg5 b5 14.Bd3 Qb6 15.Kb1 b4 16.Ne2 a5
17.Qf4 a4 18.g4 Qc5 19.gxh5 Nxh5 20.Qd2 Bxg5 21.hxg5 g6 22.b3 Ke7 23.Bc4 e5
24.Rhf1 axb3 25.cxb3 Ra5 26.Rc1 Qb6 27.Rc2 Bb7 28.Rd1 Rha8 29.Qc1 Qa7 30.a4 bxa3
31.Bxf7 Qb6 32.Bc4 Ba6 33.Ka2 Rc8 34.Bxa6 Rxc2+ 35.Qxc2 Rxa6 36.Rc1 Ra7 37.Qc4 Qe3
38.Rc2 Qxf3 39.Nc3 Nf4 40.Rh2 Nh5 41.Nd5+ Kf8 42.Nf6 Nxf6 43.gxf6 Qxf6 44.Qc8+  1-0

[Event "3rd Geller mem Open A"]
[Site "Odessa UKR"]
[Date "2007.09.11"]
[Round "4"]
[White "Zolotukhin,V"]
[Black "Lutsko,I"]
[Result "1-0"]
[WhiteElo "2298"]
[BlackElo "2418"]

1.e4 c5 2.Nf3 d6 3.d4 cxd4 4.Nxd4 Nf6 5.Nc3 Nc6 6.Bg5 e6 7.Qd2 a6 8.O-O-O Bd7
9.f3 Be7 10.h4 O-O 11.h5 Rc8 12.h6 g6 13.Kb1 b5 14.Nxc6 Bxc6 15.Qe1 Nd7 16.Bxe7 Qxe7
17.Qd2 b4 18.Qd4 f5 19.Qxb4 Nc5 20.Qd4 fxe4 21.fxe4 Rf4 22.Qxd6 Qxd6 23.Rxd6 Bxe4
24.Bxa6 Nxa6 25.Nxe4 Rxe4 26.Rxa6 Re2 27.Rc1 Kf7 28.Ra7+ Kf6 29.Rxh7 e5 30.Rd7 Rxg2
31.h7 Rh2 32.b4 g5 33.b5 g4 34.b6 Ke6 35.Rg7 Rb8 36.Ka1  1-0

[Event "3rd Geller mem Open A"]
[Site "Odessa UKR"]
[Date "2007.09.11"]
[Round "4"]
[White "Reutsky,S"]
[Black "Shishkin,Va UKR"]
[Result "0-1"]
[WhiteElo "2360"]
[BlackElo "2543"]

1.e4 c5 2.Nf3 Nc6 3.d4 cxd4 4.Nxd4 Nf6 5.Nc3 d6 6.Bg5 Qb6 7.Nb3 e6 8.Bf4 Ne5
9.Be3 Qc7 10.f4 Ng6 11.Qf3 a6 12.O-O-O b5 13.Bd3 Bb7 14.g4 Rc8 15.g5 b4 16.Nb5 axb5
17.gxf6 gxf6 18.Qh5 Be7 19.Rhg1 Bc6 20.Rd2 Ra8 21.Kb1 Qb7 22.f5 Qa6 23.Nc1 exf5
24.Qxf5 Ne5 25.Rdg2 Kd8 26.Bd4 Bd7 27.Qf1 Kc7 28.Rg7 Be6 29.b3 Rab8 30.R7g3 h5
31.Be2 Qc6 32.Re3 Ng4 33.Bxg4 hxg4 34.Rg2 d5 35.exd5 Qxd5 36.Rd2 Qg5 37.Nd3 Bd6
38.Ree2 Rh3 39.Bxf6 Qf5 40.Qxf5 Bxf5 41.Ne5 Rf8 42.Rd5 Re8 43.Red2 Re6 44.Nxf7 Bf4
45.Rd7+ Kb6 46.Bd8+ Ka6 47.R2d5 Re1+ 48.Rd1 Rxd1+ 49.Rxd1 Rxh2 50.Rf1 Bxc2+
51.Ka1 Bd3 52.Re1 Re2 53.Rd1 g3 54.Bf6 Rd2 55.Re1 Re2 56.Rd1 g2 57.Bd4 Be3
58.Bxe3 Rxe3 59.Rg1 Rf3  0-1

[Event "KNSB TCh-NED 2007-8"]
[Site "Netherlands NED"]
[Date "2007.09.15"]
[Round "1"]
[White "Broekmeulen,Ja"]
[Black "Spoelman,W"]
[Result "1-0"]
[WhiteElo "2283"]
[BlackElo "2454"]

1.e4 c5 2.Nf3 d6 3.d4 cxd4 4.Nxd4 Nf6 5.Nc3 Nc6 6.Bg5 e6 7.Qd2 a6 8.O-O-O Bd7
9.f3 Be7 10.Kb1 Rc8 11.Nxc6 Bxc6 12.h4 b5 13.Ne2 Bb7 14.Nd4 h6 15.Be3 Nd7
16.g4 Ne5 17.Qg2 Qc7 18.g5 hxg5 19.hxg5 Rxh1 20.Qxh1 d5 21.Bf4 dxe4 22.Qh2 Bd6
23.g6 Bd5 24.Qh8+ Bf8 25.gxf7+ Nxf7 26.Qxf8+ Kxf8 27.Bxc7 Rxc7 28.fxe4 e5
29.Nxb5 Bxa2+ 30.Kxa2 axb5 31.Kb3 Ng5 32.Bxb5 Nxe4 33.c4 Ke7 34.Re1 Nc5+
35.Kc3 Ke6 36.b4 Nb7 37.Ba6 Nd6 38.c5 Nf5 39.Bc4+ Kf6 40.Bd5 g6 41.Kc4 Nd6+
42.Kd3 Nb5 43.Rf1+ Kg5 44.Ke4 Rc8 45.Bc4 Nd4 46.Rb1 Kf6 47.Ba6 Rc6 48.Bd3 Rc8
49.Kd5 Rd8+ 50.Kc4 Ne6 51.Kc3 Rc8 52.Rf1+ Kg5 53.Kc4 Rd8 54.Rg1+ Kf4 55.Rxg6 e4
56.Rxe6 exd3 57.Re1 d2 58.Rd1 Ke4 59.c6 Ke5 60.b5 Rd4+ 61.Kc3 Rd5 62.Rxd2 Rxb5
63.Kc4 Rb1 64.Kc5 Rc1+ 65.Kb6 Ke6 66.c7 Rb1+ 67.Kc6 Rc1+ 68.Kb7 Rb1+ 69.Kc8 Ke7
70.Re2+ Kf7 71.Re4  1-0

[Event "KNSB TCh-NED 2007-8"]
[Site "Netherlands NED"]
[Date "2007.09.15"]
[Round "1"]
[White "Vandevoort,P"]
[Black "Van Beek,Al"]
[Result "1-0"]
[WhiteElo "2364"]
[BlackElo "2327"]

1.e4 c5 2.Nf3 d6 3.d4 cxd4 4.Nxd4 Nf6 5.Nc3 Nc6 6.Bg5 Bd7 7.Qd2 Rc8 8.O-O-O Nxd4
9.Qxd4 Qa5 10.Bd2 a6 11.f3 Qc5 12.Qxc5 Rxc5 13.Be3 Rc6 14.g4 g6 15.h4 h6
16.Bd3 Bg7 17.Rhe1 Be6 18.Bf1 Nd7 19.Nd5 Ne5 20.Bd4 g5 21.h5 Kd7 22.Re3 Bxd5
23.exd5 Rc7 24.Bb6 Nc4 25.Rxe7+ Kxe7 26.Bxc7 Nxb2 27.Re1+ Kd7 28.Ba5 Rc8
29.Bb4 Na4 30.Bd3 Bc3 31.Bf5+ Kd8 32.Re4 Bxb4 33.Rxb4 Nc3 34.Rb6 Rc7 35.Rxd6+ Ke7
36.Rxh6 Nxd5 37.Rh8 Kf6 38.h6 Ne7 39.Be4 Rc8 40.Rxc8 Nxc8 41.Bxb7 Nb6 42.Bxa6 Kg6
43.Bb5 Kxh6 44.a4 Kg6 45.Kb2 Kf6 46.Kb3 Ke5 47.c4 Kd4 48.Kb4 f6 49.a5 Nc8
50.a6 Na7 51.Bd7  1-0

[Event "3rd Geller mem Open A"]
[Site "Odessa UKR"]
[Date "2007.09.15"]
[Round "8"]
[White "Pavlov,S2"]
[Black "Shishkin,Va UKR"]
[Result "1/2-1/2"]
[WhiteElo "2415"]
[BlackElo "2543"]

1.e4 c5 2.Nf3 Nc6 3.d4 cxd4 4.Nxd4 Nf6 5.Nc3 d6 6.Bg5 Qb6 7.Be3 a6 8.Nb3 Qc7
9.Nd5 Nxd5 10.exd5 Ne5 11.Be2 e6 12.dxe6 fxe6 13.O-O Be7 14.Bd4 O-O 15.Bxe5 dxe5
16.Bd3 Bd7 17.Qe2 Bc6 18.Rae1 Rf6 19.Nd2 Raf8 20.Ne4 Rh6 21.Ng3 Bc5 22.c3 Qd8
23.h3 Qh4 24.Qg4 Qxg4 25.hxg4 Rhf6 26.Re2 Rf4 27.g5 Rg4 28.Ne4 Rd8 29.Bc2 Bb5
30.Rfe1 Bxe2 31.Rxe2 Be7 32.g3 h6 33.f3 Rxg5 34.Nxg5 Bxg5 35.Bb3 Rd6 36.Rxe5 Kf7
37.f4 Bf6 38.Rxe6 Rxe6 39.f5 Ke7 40.Bxe6 Kd6 41.Kf2 a5 42.a4 b6 43.Ke3 Kc5
44.Ke4 Kc6 45.Kd3 Kc5 46.Bf7 Be5 47.g4 Bf6 48.Be6  1/2-1/2

[Event "17th ch-EU U18 Boys"]
[Site "Sibenik CRO"]
[Date "2007.09.20"]
[Round "7"]
[White "Bitalzadeh,A"]
[Black "Hansen,Al"]
[Result "1-0"]
[WhiteElo "2390"]
[BlackElo "2177"]

1.e4 c5 2.Nf3 Nc6 3.d4 cxd4 4.Nxd4 Nf6 5.Nc3 d6 6.Bg5 e6 7.Qd3 a6 8.O-O-O Bd7
9.Be2 Rc8 10.f4 Nb4 11.Qe3 Qb6 12.a3 Nc6 13.e5 Nxd4 14.Qxd4 Qxd4 15.Rxd4 dxe5
16.fxe5 h6 17.Bxf6 gxf6 18.Ne4 Be7 19.exf6 Bf8 20.Bh5 Rg8 21.Bxf7+  1-0

[Event "WJun Girls"]
[Site "Yerevan ARM"]
[Date "2007.10.05"]
[Round "3"]
[White "Soumya,Sw"]
[Black "Guramishvili,S"]
[Result "0-1"]
[WhiteElo "2244"]
[BlackElo "2307"]

1.e4 c5 2.Nf3 d6 3.d4 cxd4 4.Nxd4 Nf6 5.Nc3 Nc6 6.Bg5 e6 7.Qd2 Qb6 8.Nb3 a6
9.f3 Be7 10.O-O-O O-O 11.g4 Rd8 12.Be3 Qc7 13.Qf2 Nd7 14.f4 b5 15.g5 b4 16.Na4 Na5
17.Nb6 Nxb3+ 18.axb3 Rb8 19.Nxc8 Qxc8 20.Rd4 a5 21.Rc4 Qb7 22.Bg2 Rbc8 23.Rxc8 Rxc8
24.f5 Ne5 25.Qe2 a4 26.bxa4 b3 27.c3 Qb4 28.Kd2 Qxa4 29.Ke1 exf5 30.exf5 Qh4+
31.Kd1 Bxg5 32.Bxg5 Qxg5 33.Rf1 Nc4 34.Re1 h6 35.f6 g6  0-1

[Event "WJun Girls"]
[Site "Yerevan ARM"]
[Date "2007.10.05"]
[Round "3"]
[White "Arutyunova,D"]
[Black "Zawadzka,J"]
[Result "1/2-1/2"]
[WhiteElo "2256"]
[BlackElo "2371"]

1.e4 c5 2.Nf3 d6 3.d4 cxd4 4.Nxd4 Nf6 5.Nc3 Nc6 6.Bg5 e6 7.Qd2 a6 8.O-O-O Bd7
9.f4 h6 10.Bxf6 Qxf6 11.Nf3 Qd8 12.e5 d5 13.f5 Qa5 14.a3 O-O-O 15.Kb1 Be7
16.Qe1 Kb8 17.g3 Qb6 18.Na4 Qc7 19.Bh3 Rc8 20.fxe6 fxe6 21.Qc3 Rhf8 22.Nd4 Nxd4
23.Qxc7+ Rxc7 24.Rxd4 Rf2 25.Nc3 Bg5 26.Bg4 Rc6 27.h4 Bd8 28.Rf4 Rg2 29.Rf7 Bc8
30.Rxg7 Rxg3 31.Rg8 Bc7 32.Ne2 Rg2 33.Nf4 Rgxc2 34.Bxe6 Bxe5 35.Nd3 Re2 36.Bxd5 Rd6
37.Nxe5 Rxd5 38.Rc1 Rdxe5 39.Rcxc8+ Ka7 40.Ra8+ Kb6 41.Rg6+ Ka5 42.Rc8 Rb5  1/2-1/2

[Event "FSIM October"]
[Site "Budapest HUN"]
[Date "2007.10.06"]
[Round "1"]
[White "Forsaa,E"]
[Black "Ignacz,M"]
[Result "1-0"]
[WhiteElo "2263"]
[BlackElo "2223"]

1.e4 c5 2.Nf3 d6 3.d4 cxd4 4.Nxd4 Nf6 5.Nc3 Nc6 6.Bg5 e6 7.Qd2 a6 8.O-O-O Bd7
9.f4 Qa5 10.Qe1 h6 11.Nxc6 Bxc6 12.Bxf6 gxf6 13.Bc4 O-O-O 14.Qh4 Be7 15.Rhe1 Qc7
16.f5 Bd7 17.Bb3 Kb8 18.Qh5 Rh7 19.Ne2 Rg8 20.Qh3 Qc8 21.Nd4 Rhg7 22.g3 Rg4
23.Qxh6 d5 24.fxe6 fxe6 25.exd5 f5 26.Nf3 f4 27.Qh7 R4g7 28.Qe4 fxg3 29.hxg3 Rxg3
30.Ne5 Bg5+ 31.Kb1 exd5 32.Qxd5 Bf5 33.Nd7+ Bxd7 34.Qxg8 Bh4 35.Qxc8+ Bxc8
36.Re8 Kc7 37.Be6  1-0

[Event "FSIM October"]
[Site "Budapest HUN"]
[Date "2007.10.06"]
[Round "1"]
[White "Lengyel,B"]
[Black "Pitl,G"]
[Result "1/2-1/2"]
[WhiteElo "2263"]
[BlackElo "2403"]

1.e4 c5 2.Nf3 d6 3.d4 cxd4 4.Nxd4 Nf6 5.Nc3 Nc6 6.Bg5 e6 7.Bb5 Qb6 8.Be3 Qc7
9.f4 a6 10.Be2 Be7 11.O-O O-O 12.Kh1 Bd7 13.Qe1 b5 14.a3 Nxd4 15.Bxd4 Bc6
16.Qg3 Qb7 17.Bf3 Rad8 18.Rad1 a5 19.Rfe1 b4 20.axb4 axb4 21.Nd5 Kh8 22.Nxe7 Qxe7  1/2-1/2

[Event "WJun Girls"]
[Site "Yerevan ARM"]
[Date "2007.10.07"]
[Round "5"]
[White "Borosova,Z"]
[Black "Zawadzka,J"]
[Result "1/2-1/2"]
[WhiteElo "2233"]
[BlackElo "2371"]

1.e4 c5 2.Nf3 d6 3.d4 cxd4 4.Nxd4 Nf6 5.Nc3 Nc6 6.Bg5 e6 7.Qd2 a6 8.O-O-O Bd7
9.f4 h6 10.Bh4 g5 11.fxg5 Ng4 12.Be2 Nge5 13.Nf3 Be7 14.Rhg1 Ng6 15.g3 h5
16.Rgf1 Qa5 17.Kb1 Rc8 18.Bd3 Bf8 19.e5 Ncxe5 20.Nxe5 Nxe5 21.g6 Nxg6 22.Bxg6 fxg6
23.Qd3 g5 24.Qg6+ Kd8 25.Qf6+ Be7 26.Qxh8+ Be8 27.Bxg5 Qxg5 28.Qd4 Rc6 29.Qa7 Kc7
30.Qd4 Bg6 31.Rde1 Bf5 32.a3 Qg6 33.Nd5+ Kd7 34.Nxe7 Kxe7 35.Ka1 Rxc2 36.Qb6 Be4
37.Qb4 Bd5 38.Rc1 Rxc1+ 39.Rxc1 Kd7 40.Qb6 Bc6 41.Qf2 e5 42.Qf8 Qe8 43.Qf5+ Kc7
44.g4 hxg4 45.Qxg4 e4 46.h4 e3 47.Re1 Bb5 48.Qd4 e2 49.a4 Bc6 50.Qg4 Be4
51.b3 Bd3 52.Qg7+ Kb8 53.Qd4 Bg6 54.Qxd6+ Ka8 55.Qd4 Bh5 56.Kb2 Bg6 57.Qc4 Qe5+
58.Qc3 Qe8 59.Rc1 Bf5 60.Re1 Bg6 61.Qd4 Bh5 62.Ka3 Qf8+ 63.Kb2 Qe8  1/2-1/2

[Event "3rd Arctic Cup"]
[Site "Salekhard RUS"]
[Date "2007.10.09"]
[Round "2"]
[White "Volcik,L"]
[Black "Bukavshin,I"]
[Result "0-1"]
[WhiteElo "2032"]
[BlackElo "2248"]

1.e4 c5 2.Nf3 d6 3.d4 cxd4 4.Nxd4 Nf6 5.Nc3 Nc6 6.Bg5 e6 7.f4 h6 8.Bh4 Qb6
9.Bxf6 gxf6 10.Bb5 Bd7 11.Bxc6 bxc6 12.b3 d5 13.a3 c5 14.Nf3 d4 15.Ne2 Bc6
16.Ng3 h5 17.Nh4 Be7 18.f5 e5 19.O-O Rc8 20.Kh1 Bb7 21.Re1 Kd7 22.Nf1 c4
23.bxc4 Rxc4 24.Nd2 Rc7 25.Nb3 a5 26.Nf3 a4 27.Nbd2 Qc6 28.Ra2 Ba6 29.Rg1 Bc5
30.g3 Bb6 31.Rg2 Ke7 32.g4 hxg4 33.Rxg4 Ba5 34.Rb2 Bc3 35.Rb1 Rcc8 36.Ne1 Rcg8
37.Rxg8 Rxg8 38.Nef3 Rg7 39.Rb8 Ba5 40.Qb1 Rg4 41.Rh8 Bb7 42.Qd1 Bxd2 43.Qxd2 Qc3
44.Qe2 Qa1+ 45.Ne1 Bxe4+  0-1

[Event "FSIM October"]
[Site "Budapest HUN"]
[Date "2007.10.11"]
[Round "6"]
[White "Pitl,G"]
[Black "Ignacz,M"]
[Result "1/2-1/2"]
[WhiteElo "2403"]
[BlackElo "2223"]

1.e4 c5 2.Nf3 d6 3.d4 cxd4 4.Nxd4 Nf6 5.Nc3 Nc6 6.Bg5 e6 7.Qd2 a6 8.O-O-O Bd7
9.f3 h6 10.Be3 b5 11.g4 Qc7 12.Kb1 Rc8 13.Bd3 Ne5 14.h4 Nc4 15.Bxc4 Qxc4
16.g5 Nh5 17.Nce2 g6 18.gxh6 e5 19.Nb3 Be6 20.Nbc1 b4 21.b3  1/2-1/2

[Event "3rd Arctic Cup"]
[Site "Salekhard RUS"]
[Date "2007.10.11"]
[Round "4"]
[White "Volcik,L"]
[Black "Yuffa,D"]
[Result "0-1"]
[WhiteElo "2032"]
[BlackElo "2093"]

1.e4 c5 2.Nf3 Nc6 3.d4 cxd4 4.Nxd4 Nf6 5.Nc3 d6 6.Bg5 Bd7 7.Qd2 Rc8 8.O-O-O Nxd4
9.Qxd4 Qa5 10.Bd2 e5 11.Qd3 Be6 12.Qb5+ Qxb5 13.Bxb5+ Nd7 14.Be3 a6 15.Ba4 b5
16.Bb3 Nc5 17.Bxe6 fxe6 18.a3 Be7 19.f3 O-O 20.Rhf1 Rc6 21.Rf2 Nb7 22.Na2 a5
23.Kb1 Nc5 24.Nc1 Nd7 25.Nb3 Ra8 26.Rfd2 Nb6 27.Bxb6 Rxb6 28.Nc1 Kf7 29.Ne2 Ke8
30.f4 exf4 31.Nxf4 Kd7 32.Rf2 Rf8 33.Rdf1 Rbb8 34.Ne2 Rxf2 35.Rxf2 Bf6 36.g4 Re8
37.c3 d5 38.Ng3 Kd6 39.Rd2 Kc5 40.Kc2 Be5 41.b4+ axb4 42.axb4+ Kc4 43.exd5 Bxc3
44.Re2 e5 45.Nf5 Rd8 46.d6 Bd4 47.Nxg7 Rxd6 48.Nf5 Ra6 49.Nxd4 exd4 50.Kb2 Kxb4
51.Re7 Rh6 52.Re2 Rh3 53.Rc2 d3 54.Rd2 Re3 55.h4 Re2 56.Kc1 Kc3 57.Rd1 d2+
58.Kb1 Re1  0-1

[Event "WJun Girls"]
[Site "Yerevan ARM"]
[Date "2007.10.11"]
[Round "8"]
[White "Hairapetian,A"]
[Black "Melia,S"]
[Result "0-1"]
[WhiteElo "2030"]
[BlackElo "2365"]

1.e4 c5 2.Nf3 d6 3.d4 cxd4 4.Nxd4 Nf6 5.Nc3 Nc6 6.Bg5 e6 7.Qd2 Qb6 8.Bxf6 gxf6
9.Nb3 a6 10.Be2 Rg8 11.O-O Bd7 12.Na4 Qa7 13.c4 Ne5 14.Nc3 O-O-O 15.Nd4 Rg6
16.b4 Be7 17.b5 Rdg8 18.g3 h5 19.bxa6 bxa6 20.Bxh5 R6g7 21.Be2 Rh8 22.Kg2 Rgh7
23.Rh1 Bd8 24.Nb3 Bc7 25.Rad1 Bc6 26.f3 Rd8 27.a4 Rg7 28.a5 Rgg8 29.Rb1 Kd7
30.Rhd1 Rh8 31.Qd4 Qxd4 32.Rxd4 Ke7 33.f4 Nd7 34.Rdd1 Ba8 35.h4 Rb8 36.Bf3 Rb4
37.Na2 Ra4 38.Rb2 Rb8 39.Rdb1 Rxb3 40.Rxb3 Rxa2+ 41.R1b2 Rxa5 42.h5 Kf8 43.g4 Kg7
44.Kh3 Rc5 45.Kh4 Rxc4 46.Rb4 Rc5 47.Be2 a5 48.Rc4 Rxc4 49.Bxc4 Bxe4 50.g5 d5
51.h6+ Kh7 52.Bb5 Nf8 53.gxf6 Kxh6 54.Be8 Bxf4 55.Rb7 Bg5+ 56.Kg4 Ng6 57.Bxf7 Ne5+
58.Kg3 d4 59.Ra7 Nxf7 60.Rxf7 d3 61.Rf8 d2 62.Rd8 Kg6  0-1

[Event "WJun Girls"]
[Site "Yerevan ARM"]
[Date "2007.10.13"]
[Round "10"]
[White "Kulon,K"]
[Black "Borosova,Z"]
[Result "1/2-1/2"]
[WhiteElo "2139"]
[BlackElo "2233"]

1.e4 c5 2.Nf3 d6 3.d4 cxd4 4.Nxd4 Nf6 5.Nc3 Nc6 6.Bg5 e6 7.Qd2 a6 8.f4 Bd7
9.O-O-O b5 10.Bxf6 gxf6 11.f5 Nxd4 12.Qxd4 Bh6+ 13.Kb1 Bf4 14.fxe6 fxe6 15.Ne2 Be5
16.Qe3 Qa5 17.Nc1 Rc8 18.Nd3 Qa4 19.Qe2 Qd4 20.c3 Qa4 21.Nxe5 dxe5 22.Qh5+ Ke7
23.Bd3 Rcg8 24.Qf3 b4 25.Rhf1 Rg6 26.Bc2 Qb5 27.cxb4 Qxb4 28.a3 Qc5 29.a4 Rb8
30.Rd3 Bc6 31.Rc3 Qb6 32.Rb3 Qc7 33.Rxb8 Qxb8 34.g3 Qb6 35.Qa3+ Kf7 36.Qd6 Rg8
37.Qxe5 Qd8 38.Qh5+ Kg7 39.e5 f5 40.g4 Bxa4 41.gxf5 Bxc2+ 42.Kxc2 Kh8 43.Qe2 exf5
44.Qxa6 Qc7+ 45.Kb1 Qxe5 46.Qd3 Rb8 47.Qc2 Rf8 48.Qc3 Qxc3 49.bxc3 Kg7 50.Kc2 Kf6
51.Kd3 Ke5 52.Ke3 Rc8 53.Rc1 Rc4 54.Kf3 h5 55.Rc2 Rf4+ 56.Kg3 h4+ 57.Kg2 Ke4
58.Rd2 Ke3 59.Rd5 Ke2 60.c4 Rf2+ 61.Kg1 Rf3 62.c5 f4 63.Re5+ Kd2 64.Rd5+ Ke2
65.Re5+ Kd3 66.c6 Kd4 67.Rf5 Rc3 68.Rxf4+ Ke5 69.Rxh4 Rxc6 70.Rh5+ Kf4 71.Rh8 Rc2
72.Rg8 Kf5 73.h3 Kf6 74.Rg2  1/2-1/2

[Event "TCh-HUN 2007-8"]
[Site "Budapest HUN"]
[Date "2007.10.14"]
[Round "1"]
[White "Tamas,M"]
[Black "Ignacz,M"]
[Result "1/2-1/2"]
[WhiteElo "2141"]
[BlackElo "2223"]

1.e4 c5 2.Nf3 d6 3.d4 cxd4 4.Nxd4 Nf6 5.Nc3 Nc6 6.Bg5 e6 7.Bb5 Bd7 8.Bxc6 bxc6
9.Qf3 e5 10.Nf5 Bxf5 11.Qxf5 Be7 12.O-O O-O 13.Rad1 Ne8 14.Bxe7 Qxe7 15.f4 Rb8
16.b3 Nf6  1/2-1/2

[Event "TCh-ROU Superliga"]
[Site "Predeal ROU"]
[Date "2007.10.14"]
[Round "2"]
[White "Murariu,A"]
[Black "Zamfir,I"]
[Result "1-0"]
[WhiteElo "2503"]
[BlackElo "2115"]

1.e4 c5 2.Nf3 Nc6 3.d4 cxd4 4.Nxd4 Nf6 5.Nc3 d6 6.Bg5 e6 7.Qd2 a6 8.O-O-O Qb6
9.Nb3 Be7 10.f3 Qc7 11.h4 Ne5 12.h5 h6 13.Be3 b5 14.Qf2 Nc4 15.Bxc4 Qxc4
16.Na5 Qc7 17.Bb6 Qb8 18.Nc6 Qb7 19.Nxe7 Qxe7 20.e5 Ng8  1-0

[Event "FSIM October"]
[Site "Budapest HUN"]
[Date "2007.10.15"]
[Round "10"]
[White "Forsaa,E"]
[Black "Charpenel Elorduy,M"]
[Result "1-0"]
[WhiteElo "2263"]
[BlackElo "2092"]

1.e4 c5 2.Nf3 Nc6 3.d4 cxd4 4.Nxd4 Nf6 5.Nc3 d6 6.Bg5 e6 7.Qd2 a6 8.O-O-O Bd7
9.f4 h6 10.Bh4 Be7 11.Nf3 b5 12.Bxf6 gxf6 13.Kb1 Qc7 14.Bd3 Na5 15.f5 Nc4
16.Bxc4 bxc4 17.Qd4 Rb8 18.Nd2 O-O 19.Ka1 Rfc8 20.Rhf1 Qb6 21.Qxb6 Rxb6 22.Rf3 d5
23.fxe6 fxe6 24.exd5 e5 25.g4 Kg7 26.Nde4 Rcb8 27.b3 cxb3 28.cxb3 Bb4 29.h3 Rc8
30.Kb2 a5 31.a3 Bxc3+ 32.Rxc3 Rxc3 33.Kxc3 Rb7 34.d6 h5 35.Nc5 Ra7 36.Kc4 hxg4
37.hxg4 Kg6 38.Nxd7 Rxd7 39.Kd5 Rb7 40.Ke6 Rxb3 41.d7 Rb6+ 42.Rd6 Rb8 43.d8=Q Rxd8
44.Rxd8 Kg5 45.Rg8+ Kf4 46.Kxf6 e4 47.g5  1-0

[Event "FSIM October"]
[Site "Budapest HUN"]
[Date "2007.10.15"]
[Round "10"]
[White "Lengyel,B"]
[Black "Ignacz,M"]
[Result "0-1"]
[WhiteElo "2263"]
[BlackElo "2223"]

1.e4 c5 2.Nf3 d6 3.d4 cxd4 4.Nxd4 Nf6 5.Nc3 Nc6 6.Bg5 e6 7.Bb5 Bd7 8.O-O Be7
9.Nb3 a6 10.Be2 Qc7 11.f4 O-O 12.Qe1 h6 13.Bh4 Rac8 14.Kh1 Rfe8 15.Bf3 Nb4
16.Qf2 a5 17.a4 Bc6 18.Nd4 d5 19.Nxc6 Qxc6 20.e5 Ne4 21.Bxe4 Bxh4 22.Qxh4 dxe4
23.Rae1 Nxc2 24.Rxe4 Rcd8 25.Qf2 Nb4 26.Qe2 Re7 27.Nb5 Red7 28.Rc4 Rd2 29.Rxc6 Rxe2
30.Rd6 Rc8 31.h3 Rxb2 32.Rd7 Rcc2 33.Rg1 Nd5 34.Nd4 Rd2 35.Nf3 Rf2 36.f5 Nf4
37.Nh4 exf5 38.Rc1 Nxg2 39.Nxg2 Rxg2 40.Rc8+ Kh7 41.Rxf7 Rge2 42.Rc1 Rh2+
43.Kg1 Rbg2+ 44.Kf1 Rf2+ 45.Kg1 Rfg2+ 46.Kf1 Rf2+ 47.Kg1 f4 48.Rcc7 Rhg2+
49.Kh1 Rg3  0-1

[Event "TCh-ROU Superliga"]
[Site "Predeal ROU"]
[Date "2007.10.15"]
[Round "3"]
[White "Ardelean,Ge"]
[Black "Lupulescu,C"]
[Result "0-1"]
[WhiteElo "2494"]
[BlackElo "2562"]

1.e4 c5 2.Nf3 Nc6 3.d4 cxd4 4.Nxd4 Nf6 5.Nc3 d6 6.Bg5 e6 7.Qd2 a6 8.O-O-O Bd7
9.f3 Be7 10.Be3 h5 11.Kb1 Qc7 12.Bd3 Nxd4 13.Bxd4 b5 14.Rhe1 b4 15.Ne2 a5
16.c4 e5 17.Be3 Be6 18.Ng3 g6 19.Nf1 Nd7 20.Be2 Nb6 21.Rc1 Rc8 22.Red1 Qb7
23.c5 Na4 24.c6 Rxc6 25.Rxc6 Qxc6 26.Rc1 Nc5 27.Bc4 Bxc4 28.Rxc4 O-O 29.Bh6 Rc8
30.Ne3 Qa6 31.Nd5 Bd8 32.Qc1 Rb8 33.b3 a4 34.Rxb4 axb3 35.axb3 Ra8 36.Qc3 Qa2+
37.Kc1 Qxg2 38.Bd2 Qxh2 39.Rc4 Qg1+ 40.Be1 Nxb3+ 41.Kb2 Nc5  0-1

[Event "WJun Girls"]
[Site "Yerevan ARM"]
[Date "2007.10.16"]
[Round "13"]
[White "Borosova,Z"]
[Black "Lovece,R"]
[Result "1-0"]
[WhiteElo "2233"]
[BlackElo "2010"]

1.e4 c5 2.Nf3 d6 3.d4 cxd4 4.Nxd4 Nf6 5.Nc3 Nc6 6.Bg5 Qb6 7.Nb3 e6 8.Bf4 Ne5
9.Be3 Qc7 10.f4 Nc4 11.Nb5 Qc6 12.Bxc4 Qxc4 13.Qd3 Qxd3 14.cxd3 Kd8 15.Bxa7 Nd7
16.a4 b6 17.a5 Ba6 18.Bxb6+ Nxb6 19.axb6 Bb7 20.Ra7 Rxa7 21.bxa7 d5 22.e5 Bb4+
23.Ke2 Kd7 24.Rc1 Rc8 25.Rxc8 Kxc8 26.Nd6+ Kc7 27.Nxf7 h6 28.d4  1-0

[Event "3rd Arctic Cup"]
[Site "Salekhard RUS"]
[Date "2007.10.17"]
[Round "10"]
[White "Bukavshin,I"]
[Black "Yuffa,D"]
[Result "1-0"]
[WhiteElo "2248"]
[BlackElo "2093"]

1.e4 c5 2.Nf3 d6 3.d4 cxd4 4.Nxd4 Nf6 5.Nc3 Nc6 6.Bg5 Bd7 7.Qd2 Rc8 8.f4 Nxd4
9.Qxd4 Qa5 10.e5 Rxc3 11.Qxc3 Qxc3+ 12.bxc3 Ne4 13.exd6 e6 14.Be7 Bxe7 15.dxe7 Nxc3
16.Kd2 Ne4+ 17.Ke3 Nf6 18.Rb1 b6 19.Bb5 Bxb5 20.Rxb5 Kxe7 21.c4 Rc8 22.Rc1 Nd7
23.a4 a6 24.Rb3 Rc5 25.Kd4 Ra5 26.Ra1 Kd6 27.Kc3 Kc7 28.Kb4 Nc5 29.Re3 g6
30.g4 Nb7 31.Raa3 h5 32.h3 hxg4 33.hxg4 Rc5 34.Re5 Rc6 35.Rc3 a5+ 36.Ka3 Nc5
37.f5 gxf5 38.gxf5 Nd7 39.Rb5 e5 40.Rd5 f6 41.Rcd3 Nc5 42.Rh3 Kb7 43.Rh7+ Rc7
44.Rh6 Ne4 45.Kb3 Kc6 46.Rxe5 Nc5+ 47.Ka3 Nd7 48.Re7 Rc8 49.Rhh7 Rd8 50.Rhf7 Kd6
51.Re1 Kc6 52.Rd1 Kc7 53.Rd5 Kc6 54.Kb2 Kc7 55.Kc3 Kc6 56.Kd4 Kc7 57.Rdxd7+ Rxd7+
58.Rxd7+ Kxd7 59.Kd5 Kc7 60.Ke6 Kc6 61.Kxf6 Kc5 62.Ke6 Kxc4 63.f6 Kb4 64.f7 Kxa4
65.f8=Q b5 66.Kd5 b4 67.Kc4 b3 68.Qf3  1-0

[Event "2nd MAIG Team Standard"]
[Site "Macau CHN"]
[Date "2007.10.30"]
[Round "5"]
[White "Ghader Pour,S"]
[Black "Lumongdong,L"]
[Result "1-0"]
[WhiteElo "2173"]
[BlackElo "2151"]

1.e4 c5 2.Nf3 Nc6 3.d4 cxd4 4.Nxd4 Nf6 5.Nc3 d6 6.Bg5 e6 7.Qd2 a6 8.O-O-O h6
9.Nxc6 bxc6 10.Bf4 d5 11.Qe3 Be7 12.Be2 O-O 13.h4 Qa5 14.e5 Nh7 15.g4 Bc5
16.Qg3 Rb8 17.Bd3 d4 18.Ne4 Qxa2 19.Nxc5 Qxb2+ 20.Kd2 Qc3+ 21.Ke2 Qxc5 22.Rhg1 Rb2
23.Rd2 Re8 24.g5 hxg5 25.Bxg5 Nxg5 26.Qxg5 Kf8 27.Qxg7+ Ke7 28.h5 Qd5 29.h6 c5
30.h7 c4 31.Qf6+ Kd7 32.Qxf7+ Re7 33.Qxe7+ Kxe7 34.Rg7+  1-0

[Event "7th Rohde Open"]
[Site "Sautron FRA"]
[Date "2007.11.01"]
[Round "7"]
[White "Sandu,Mi"]
[Black "Edouard,R"]
[Result "0-1"]
[WhiteElo "2266"]
[BlackElo "2472"]

1.e4 c5 2.Nf3 d6 3.d4 cxd4 4.Nxd4 Nf6 5.Nc3 Nc6 6.Bg5 Qb6 7.Be3 a6 8.Nb3 Qd8
9.Nd5 Nd7 10.a4 e6 11.Nc3 Be7 12.Be2 b6 13.f4 Nc5 14.Nd4 Bb7 15.Bf3 Rc8 16.O-O O-O
17.Qe1 Bh4 18.Qd2 Qc7 19.Nxc6 Bxc6 20.f5 Bf6 21.fxe6 fxe6 22.Bd4 Be5 23.Bxe5 dxe5
24.b4 Nb7 25.Bg4 Rfe8 26.b5 axb5 27.axb5 Bd7 28.Nd5 Qd6 29.Qf2 Nc5 30.Rad1 exd5
31.Qf7+ Kh8 32.Rxd5 Qxd5 33.exd5 Bxg4 34.h3 Be2 35.Rf5 h6 36.g4 Ne4 37.Qg6 Ng5
38.Kf2 Bd1 39.h4 Bxg4 40.Rf6 Bh5 41.Qf5 Nh7 42.Rxb6 Rf8 43.Qxf8+ Rxf8+ 44.Ke1 Nf6
45.c4 Rd8 46.Re6 Nxd5 47.cxd5 Rxd5 48.b6 Rb5 49.Kf2 Bg4 50.Rd6 Rb3  0-1

[Event "KNSB TCh-NED 2007-8"]
[Site "Netherlands NED"]
[Date "2007.11.03"]
[Round "3"]
[White "Pruijssers,R"]
[Black "Van der Weide,K"]
[Result "1/2-1/2"]
[WhiteElo "2408"]
[BlackElo "2502"]

1.e4 c5 2.Nf3 d6 3.d4 cxd4 4.Nxd4 Nf6 5.Nc3 Nc6 6.Bg5 e6 7.Qd2 Be7 8.O-O-O O-O
9.f4 Nxd4 10.Qxd4 Qa5 11.Bc4 Bd7 12.e5 dxe5 13.fxe5 Bc6 14.Bd2 Nd7 15.Nd5 Qd8
16.Nxe7+ Qxe7 17.Rhe1 Nb6 18.Bf1 Rfd8 19.Qg4 Rac8 20.Kb1 Ba4 21.b3 Qc5 22.Bd3 Rxd3
23.cxd3 Qc2+ 24.Ka1 Bc6 25.Qd4 h5 26.Rg1 Bd5 27.h4 Rc6 28.Bb4 Na4 29.Rb1 Ra6
30.Rbc1 Qe2 31.Rge1 Qxg2 32.Rc8+ Kh7 33.Kb1 Nb6 34.Rc2 Qg4 35.Qxg4 hxg4 36.Rc7 Kg8
37.Kb2 Bc6 38.Bd2 Nd7 39.d4 Nb6 40.a4 Nd5 41.Rc8+ Kh7 42.Rg1 f5 43.h5 Ne7
44.Rd8 Ng8 45.Rd6 Be4 46.Bg5 Rc6 47.Rc1 g3 48.Rdxc6 bxc6 49.Kc3 g6 50.hxg6+ Kxg6
51.Bf4 g2 52.Kd2 Ne7 53.Ke2 Kh5 54.Kf2 Kg4 55.Bd2 f4 56.Rc5 Nf5 57.Ra5 Nxd4
58.Rxa7 g1=Q+ 59.Kxg1 Nf3+ 60.Kf2 Nxd2 61.a5 Bd5 62.Rg7+ Kf5 63.a6 Ne4+ 64.Kf1 Kxe5
65.Rd7 Nd6 66.a7 c5 67.Rc7 Kd4 68.Rd7 Ke5 69.Rc7 Kd4  1/2-1/2

[Event "KNSB TCh-NED 2007-8"]
[Site "Netherlands NED"]
[Date "2007.11.03"]
[Round "3"]
[White "Spoelman,W"]
[Black "Van der Wiel,J"]
[Result "1-0"]
[WhiteElo "2445"]
[BlackElo "2496"]

1.e4 c5 2.Nf3 d6 3.d4 cxd4 4.Nxd4 Nf6 5.Nc3 Nc6 6.Bg5 e6 7.Qd2 a6 8.O-O-O Bd7
9.f3 b5 10.Nxc6 Bxc6 11.Kb1 h6 12.Be3 Qc7 13.Bd3 Be7 14.Ne2 d5 15.e5 Ne4
16.Qe1 Nc5 17.Nd4 Bd7 18.f4 b4 19.g4 a5 20.h4 a4 21.g5 Nxd3 22.cxd3 h5 23.g6 f5
24.exf6 Bxf6 25.Bf2 b3 26.a3 Rc8 27.f5 e5 28.Bg3 O-O 29.Qe2 Rfe8 30.Qxh5 Qc5
31.Be1 Rb8 32.Bc3 exd4 33.Rhe1 Re5 34.Qh7+ Kf8 35.Qh8+ Ke7 36.Qxb8 dxc3 37.Rxe5+ Bxe5
38.Qxe5+ Kd8 39.Qxc3 Qxc3 40.bxc3 Bxf5 41.h5 Ke7 42.Kb2  1-0